000 00363nam a2200145Ia 4500
008 231129s1983||||xx |||||||||||||| ||spa||
020 _a84-02-09549-6
040 _bspa
082 _a597 A238m
100 _aAdmetlla Eduardo
245 0 _aMis amigos los peces
260 _c1983
264 _aBruguera
942 _2ddc
_cBKS
999 _c21250
_d21250